000 00904nas a2200301 4500
001 BR9704220
003 BR-BrBNA
005 20231205100508.0
007 ta
008 230509b bl.|||p| |||| 00| 00por d
040 _aBR-BrBNA
_bpor
_cBiblioteca Nacional de Agricultura
041 _a(Pt)
072 _aL53; L70
100 1 _aGabriel, A.M.A.
100 1 _aD'Angelis, F.H.F.
100 1 _aPinheiro, N.L.
100 1 _aSantos, M.A.J.
100 1 _aSales, A.
245 1 _aComparacao de tecnicas de coloracao usadas em esfregacos vaginais de Rattus norvegicus
650 _aRato
650 _aCitologia
650 _aCiclo Estral
650 _aCor
650 _aAnalise de Laboratorio
773 0 _tRevista Brasileira de Medicina Veterinaria (Brazil)
_xISSN 0100-2430
_g(Jan-Feb 1997), v. 19(1) p. 24-27
_wBR9704220
909 _a202311
_bLúcia
_c55
_dLúcia Elande
942 _2AGRIS
_n0
_cANA
999 _c156351
_d156351